| 000 | 00392nam a2200157 i 4500 | ||
|---|---|---|---|
| 001 | 89278 | ||
| 003 | ES-MaACL | ||
| 007 | t| | ||
| 008 | 050105s1983 fr ||||1| fre d | ||
| 020 | _a2-03-800009-3 | ||
| 245 | 0 | 0 | _aLarousse de la grammaire. |
| 250 | _aEd. rev. et corr. | ||
| 260 |
_aParĂs : _bLarousse, _c[1983] |
||
| 300 |
_a175 p. ; _c20 cm. |
||
| 852 |
_aES-MaACL _jL-9989 _bR.112159 |
||
| 999 |
_c89278 _d89278 |
||